000 004210000a22001810004500
003 MACL
005 20150821112337.0
008 150821b xxu||||| |||| 00| 0 eng d
040 _aMACL
_cMACL
041 _aEnglish
082 _a616/DAS
100 _aDastur, R.H.
_96388
245 _aSex And Disease
260 _bPopular Praskashan
_c1989
_aBombay
350 _a48
650 _aDisease
_96389
942 _cBK
_k616
_2ddc
999 _c5008
_d5008